[Event "Faroes Open 2018"]
[Site "Sandavagur"]
[Date "2018.07.07"]
[Round "1"]
[White "Jones, Gawain C B"]
[Black "Maroroa, Sue Yuchan"]
[Result "1-0"]
[WhiteElo "2670"]
[BlackElo "2104"]
[Annotator "TA"]
[PlyCount "83"]
[EventDate "2018.07.07"]
[EventType "swiss"]
[EventCountry "FAI"]
[SourceTitle "playchess.com"]
[Source "ChessBase"]
[SourceQuality "1"]

{[%evp 24,83,38,0,18,12,83,81,69,50,50,50,50,59,55,50,76,52,54,54,66,68,67,66,62,65,91,60,98,110,105,104,273,264,250,258,250,241,442,436,436,434,401,368,506,473,605,602,597,550,925,916,913,902,901,893,854,832,813,782,744,681]} 1. e4 e5 2. Nf3 Nc6 3. Bb5 a6 4. Ba4 Nf6 5. O-O Be7 6. Re1 b5 7. Bb3 d6 8. c3 O-O 9. h3 Na5 10. Bc2 c5 11. d4 Qc7 12. d5 Bd7 13. Nbd2 {[%cal Bb1d2,Bd2f1,Bf1e3,Be3f5,Bf5h6,Bh6g4][%mdl 32] LiveBook: 105 Partien} Rfc8 {C97: Spanische Partie (Abweichungen vom Tschigorin-System/Panow-Variante)} (13... c4 14. Nf1 Nb7 15. g4 Ne8 16. Ng3 g6 17. Nh2 Ng7 18. f4 exf4 19. Bxf4 f6 20. Nf3 Nd8 21. Kg2 Nf7 22. Qd2 Ne5 {½-½ (42) Tazbir,M (2521)-Postny,E (2611) Germany 2017}) 14. b3 b4 $146 (14... c4 $11 {hält das Gleichgewicht.}) ({Vorgänger:} 14... Nb7 15. Nf1 c4 16. b4 a5 17. Ng3 axb4 18. cxb4 g6 19. a3 Ne8 20. Nh2 Qd8 {0-1 (59) Heinatz,T (2296)-Sonntag,H (2364) Germany 2016}) 15. c4 $16 Nb7 {Weiß steht besser.} 16. Bb2 a5 17. a4 g6 18. Nf1 Nh5 19. Ne3 Nf4 20. Kh2 Qd8 21. Ng1 Qf8 22. g3 Nh5 23. Nf5 Bf6 24. Bc1 Ng7 25. Nh6+ Kh8 26. Ng4 Be7 27. f4 f5 $2 (27... exf4 $16 28. Bxf4 h5) 28. exf5 $18 gxf5 29. fxe5 fxg4 {[#]} 30. Rf1 $1 {[%cal Rf1f8]} dxe5 $2 (30... Qg8 {war einen Versuch wert.}) 31. Rxf8+ Rxf8 32. hxg4 Rf2+ 33. Kh1 Ra6 34. Be3 {Weiß steht klar auf Gewinn.} Rxc2 35. Qxc2 Bxg4 36. Rf1 Nd6 37. Bxc5 Ndf5 38. Bxe7 Rh6+ 39. Bh4 Nxg3+ 40. Kg2 {[%cal Rf1f8] [#]} Nxf1 41. Bf2 Nh2 42. Qc1 {Precision: Weiß = 91%, Schwarz = 35%.} 1-0

[Event "Faroes Open 2018"]
[Site "Sandavagur"]
[Date "2018.07.07"]
[Round "1"]
[White "Vavulin, Maksim"]
[Black "Hruby, Milan"]
[Result "1-0"]
[WhiteElo "2552"]
[BlackElo "2031"]
[Annotator "ChessBase"]
[PlyCount "61"]
[EventDate "2018.07.07"]
[EventType "swiss"]
[EventCountry "FAI"]
[SourceTitle "playchess.com"]
[Source "ChessBase"]
[SourceQuality "1"]
[TimeControl "40/5400+30:900+30"]

1. e4 {[%emt 0:00:00]} e5 {[%emt 0:00:00]} 2. Nf3 {[%emt 0:00:00]} Nc6 {[%emt 0:00:00]} 3. Bb5 {[%emt 0:00:00]} a6 {[%emt 0:00:00]} 4. Ba4 {[%emt 0:00:00]} Nf6 {[%emt 0:00:00]} 5. d3 {[%emt 0:00:19]} d6 {[%emt 0:00:27]} 6. c3 {[%emt 0:00:11]} g6 {[%emt 0:00:35]} 7. O-O {[%emt 0:00:23]} Bg7 {[%emt 0:00:07]} 8. Nbd2 {[%emt 0:01:46]} O-O {[%emt 0:01:33]} 9. Re1 {[%emt 0:02:51]} b5 {[%emt 0:01:33]} 10. Bc2 {[%emt 0:00:39]} d5 {[%emt 0:01:17]} 11. h3 {[%emt 0:03:42]} dxe4 {[%emt 0:07:16]} 12. dxe4 {[%emt 0:00:07]} h6 {[%emt 0:09:16]} 13. a4 {[%emt 0:04:04]} Be6 {[%emt 0:03:44]} 14. Qe2 {[%emt 0:05:34]} b4 {[%emt 0:07:39]} 15. Bb3 {[%emt 0:07:30]} Qe7 {[%emt 0:07:48]} 16. Bc4 {[%emt 0:01:11]} Bxc4 {[%emt 0:11:38]} 17. Qxc4 {[%emt 0:00:43]} Na5 {[%emt 0:04:04]} 18. Qxb4 {[%emt 0:00:41]} Qxb4 {[%emt 0:00:09]} 19. cxb4 {[%emt 0:00:03]} Nc6 {[%emt 0:00:14]} 20. Nc4 {[%emt 0:00:53]} Nxb4 {[%emt 0:00:24]} 21. Re2 {[%emt 0:00:13]} Nd7 {[%emt 0:03:39]} 22. Be3 {[%emt 0:03:50]} Rfe8 {[%emt 0:05:40]} 23. Rd1 {[%emt 0:01:44]} Nf8 {[%emt 0:00:15]} 24. Na5 {[%emt 0:01:52]} Ne6 {[%emt 0:03:16]} 25. Rc1 {[%emt 0:02:23]} Nd4 {[%emt 0:12:30]} 26. Rd2 {[%emt 0:01:02]} c6 {[%emt 0:04:54]} 27. Rc4 {[%emt 0:01:30]} Rab8 {[%emt 0:01:41]} 28. Nxd4 {[%emt 0:02:30]} exd4 {[%emt 0:00:21]} 29. Bf4 {[%emt 0:00:04]} Be5 {[%emt 0:01:25]} 30. Bxe5 {[%emt 0:00:35]} Rxe5 {[%emt 0:00:10]} 31. Rxb4 {[%emt 0:00:20]} 1-0

[Event "Faroes Open 2018"]
[Site "Sandavagur"]
[Date "2018.07.07"]
[Round "1"]
[White "Kunin, Vitaly L"]
[Black "Fruehauf, Norbert"]
[Result "1-0"]
[WhiteElo "2538"]
[BlackElo "1958"]
[Annotator "TA"]
[PlyCount "115"]
[EventDate "2018.07.07"]
[EventType "swiss"]
[EventCountry "FAI"]
[SourceTitle "playchess.com"]
[Source "ChessBase"]
[SourceQuality "1"]

{[%evp 14,115,29,4,29,23,57,65,60,58,77,73,81,29,39,-19,1,-38,-49,-37,-14,-40,11,-46,29,15,31,6,0,0,0,0,0,0,0,0,0,-16,-14,-14,-15,-25,0,-78,-35,-45,-2,-2,-5,-8,0,0,0,0,0,0,0,0,0,0,0,0,13,16,9,20,42,42,43,26,37,0,43,50,135,163,267,260,12846,154,216,226,369,366,360,330,807,768,876,824,12833,12831,12837,12835,12837,12838,12841,12842,12845,12844,12847,12844,12848,12845]} 1. d4 Nf6 2. c4 e6 3. Nf3 Bb4+ 4. Nbd2 O-O 5. a3 Bxd2+ 6. Qxd2 d6 7. e3 {E11: Bogo-Indian} Qe7 (7... Nbd7 8. b4 a5 9. b5 b6 10. Be2 Bb7 11. O-O Ne4 12. Qc2 f5 13. Bb2 Rf6 {½-½ (30) Van Wely,L (2675)-Papaioannou,I (2637) Achaea 2017}) 8. Be2 {LiveBook: 9 Games} Nbd7 9. O-O {White has an edge.} Ne4 $146 ({Predecessor:} 9... b6 10. b4 Bb7 11. Bb2 Ne4 12. Qc2 f5 13. Rad1 c5 14. Ne1 Rac8 15. Qb3 Ba8 16. dxc5 dxc5 17. f3 Nef6 18. Nd3 e5 19. Nf2 Rfd8 20. Bc3 Nf8 {1-0 (42) Papin,V (2570)-Cherepanov,V (2285) Voronezh 2012}) 10. Qc2 f5 11. b4 Ndf6 12. Bb2 Bd7 13. d5 (13. Ne1 $16) 13... e5 14. Qb3 (14. Nd2 $14) 14... b6 15. c5 bxc5 16. Bxe5 Kh8 ({Don't go for} 16... dxe5 $2 17. d6+ Be6 18. dxe7 $18) 17. Bb2 (17. Bxf6 $5 Qxf6 18. Qc2 $11) 17... Rab8 ({Black should try} 17... Rfb8 $15) 18. Qa2 (18. Bc4 $11) 18... Bb5 (18... cxb4 $15 19. axb4 Rxb4) 19. Bxb5 $11 Rxb5 20. Rad1 Rfb8 21. Ba1 Qf7 22. bxc5 Rxc5 {[%cal Rf6d5]} 23. Nd4 Qxd5 24. Qxd5 Rxd5 25. f3 Nc5 26. Nc6 Rxd1 27. Rxd1 Rb3 28. Nd4 (28. Bxf6 $11 gxf6 29. Nxa7) 28... Rxe3 29. Nxf5 Rxa3 {With the idea ...Nd3.} 30. Bxf6 $1 gxf6 $17 {[%mdl 4096] Endgame KRN-KRN} 31. Re1 $1 {[%cal Re1e8] [#]} Kg8 {White must now prevent ...Kf8.} 32. Re8+ Kf7 33. Re7+ Kg6 34. Nh4+ Kh6 35. Rxc7 Nd3 {[#] ( -> ...Ra1+)} 36. h3 d5 37. g3 Ra5 38. f4 {White wants to mate with Nf5+.} Ra1+ 39. Kg2 Ra2+ 40. Kf3 {[%mdl 1024] White has compensation.} Ra3 $1 41. Nf5+ Kg6 42. Nh4+ Kh6 43. Ke2 Nxf4+ (43... d4 $14) 44. gxf4 $16 Rxh3 $14 {KRN-KR} (44... a5 $142 45. Ra7 d4 46. Nf5+ Kh5 47. Nxd4 Rxh3 48. Rxh7+ (48. Rxa5+ Kg4 $16) 48... Kg4 49. Rxh3 Kxh3) 45. Nf5+ $18 Kh5 $2 (45... Kg6) 46. Ne3 $2 (46. Rxh7+ $18 {is the precise move to win.} Kg4 47. Ne3+ Kg3 48. Rxh3+ (48. Rxa7 Kxf4 49. Ng2+ Kf5 $14) 48... Kxh3 49. Kd3) 46... h6 (46... Kg6 $16 {keeps fighting.} 47. Nxd5 Ra3 48. Ne7+ Kh5) 47. Nxd5 a5 (47... Kg4 $142 48. Rxa7 h5) 48. Nxf6+ Kg6 49. Nd5 Ra3 $2 (49... Rb3 50. Ne3 a4 51. Rc6+ Kh7) 50. Ne3 {White is clearly winning.} a4 51. Rc6+ Kh7 52. f5 h5 53. Kf3 Rb3 54. Ra6 Rb4 55. Nd5 Rb3+ 56. Kf4 {Intending Rg6 and mate.} a3 57. Kg5 Rf3 58. Nf6+ {Precision: White = 59%, Black = 27%.} 1-0

[Event "Faroes Open 2018"]
[Site "Sandavagur"]
[Date "2018.07.07"]
[Round "1"]
[White "Miezis, Normunds"]
[Black "Haubro, Siv"]
[Result "1-0"]
[WhiteElo "2468"]
[BlackElo "1780"]
[Annotator "TA"]
[PlyCount "59"]
[EventDate "2018.07.07"]
[EventType "swiss"]
[EventCountry "FAI"]
[SourceTitle "playchess.com"]
[Source "ChessBase"]
[SourceQuality "1"]

{[%evp 15,59,28,28,24,26,25,36,39,153,129,200,210,258,245,229,196,182,175,185,145,163,130,139,133,120,121,147,145,234,238,245,239,245,241,252,258,268,263,265,261,257,263,288,281,472,471]} 1. c4 f5 2. Nc3 Nf6 3. g3 e6 4. Bg2 c6 5. Nf3 d5 6. cxd5 {A10: English Opening: Unusual Replies for Black} exd5 7. d3 Be7 8. O-O O-O {LiveBook: 17 Games} 9. Bf4 (9. e3 a5 10. Bd2 Na6 11. Ne2 Nc5 12. Qc2 Bd6 13. b3 Qe7 14. Bc3 Bd7 15. Ned4 Ng4 16. Rfe1 Ne4 17. dxe4 fxe4 {½-½ (41) Wagner,D (2543)-Dambacher,M (2480) Germany 2016}) 9... Nbd7 10. Rc1 $146 ({Predecessor:} 10. Qc2 Nc5 11. Nd4 g6 12. Rfc1 Ne6 13. Nxe6 Bxe6 {1-0 (49) Mueller,K (1819)-Brandl,A (1954) ICCF email 2014}) 10... Nh5 11. Bd2 Bd6 {[#]} (11... a5 $14) 12. e4 $1 $16 fxe4 (12... dxe4 $16 13. dxe4 Nhf6) 13. dxe4 $18 Nb6 14. exd5 cxd5 15. Be3 Nf6 16. Bxb6 axb6 17. Nxd5 Bg4 18. Qb3 {[#] Threatens to win with Nxf6+.} Nxd5 19. Qxd5+ Kh8 20. Ng5 $36 {[%mdl 2048] aiming for Nf7+. White is on the roll.} Qd7 21. Ne4 Bc5 (21... Bb8 $16 22. Nc3 Bd6 23. Qxb7 Qxb7 24. Bxb7 Rad8) 22. Nxc5 bxc5 23. Rxc5 Qe7 24. h3 Be6 25. Qe5 Qf6 26. a3 Rab8 27. Qxf6 Rxf6 28. Rd1 Bb3 29. Rd7 Ba4 $2 (29... b6) 30. Rxb7 {Precision: White = 98%, Black = 33%.} 1-0

[Event "Faroes Open 2018"]
[Site "Sandavagur"]
[Date "2018.07.07"]
[Round "1"]
[White "Nielsen"]
[Black "Djurhuus, Arant"]
[Result "1-0"]
[WhiteElo "2397"]
[BlackElo "1703"]
[Annotator "ChessBase"]
[PlyCount "61"]
[EventDate "2018.07.07"]
[EventType "swiss"]
[EventCountry "FAI"]
[SourceTitle "playchess.com"]
[Source "ChessBase"]
[SourceQuality "1"]
[TimeControl "40/5400+30:900+30"]

1. e4 {[%emt 0:00:00]} e5 {[%emt 0:00:00]} 2. Nf3 {[%emt 0:00:00]} Nf6 {[%emt 0:00:00]} 3. Nxe5 {[%emt 0:01:19]} d6 {[%emt 0:06:15]} 4. Nf3 {[%emt 0:00:09]} Nxe4 {[%emt 0:00:22]} 5. Nc3 {[%emt 0:00:17]} Nxc3 {[%emt 0:04:31]} 6. dxc3 {[%emt 0:00:11]} d5 {[%emt 0:01:33]} 7. Be3 {[%emt 0:03:28]} Bg4 {[%emt 0:06:00]} 8. Qd2 {[%emt 0:01:00]} Be7 {[%emt 0:02:00]} 9. h3 {[%emt 0:07:27]} Bf5 {[%emt 0:07:20]} 10. O-O-O {[%emt 0:11:51]} c6 {[%emt 0:01:28]} 11. Nd4 {[%emt 0:01:59]} Bg6 {[%emt 0:02:53]} 12. h4 {[%emt 0:08:46]} h5 {[%emt 0:13:36]} 13. g3 {[%emt 0:03:47]} Nd7 {[%emt 0:01:17]} 14. Be2 {[%emt 0:05:02]} Nf6 {[%emt 0:05:10]} 15. f3 {[%emt 0:01:52]} Qd7 {[%emt 0:10:55]} 16. Bf4 {[%emt 0:07:32]} O-O-O {[%emt 0:05:26]} 17. Bf1 {[%emt 0:01:00]} Ne8 {[%emt 0:06:51]} 18. Bh3 {[%emt 0:01:30]} f5 {[%emt 0:00:14]} 19. Rhe1 {[%emt 0:00:53]} Nc7 {[%emt 0:03:56]} 20. Bxc7 {[%emt 0:07:02]} Qxc7 {[%emt 0:02:23]} 21. Ne6 {[%emt 0:00:48]} Qxg3 {[%emt 0:00:24]} 22. Nxd8 {[%emt 0:00:51]} Qxh4 {[%emt 0:02:11]} 23. Ne6 {[%emt 0:01:04]} Bd6 {[%emt 0:08:13]} 24. Qg5 {[%emt 0:03:01]} Qxh3 {[%emt 0:03:21]} 25. Qxg6 {[%emt 0:00:12]} Qxf3 {[%emt 0:01:10]} 26. Qxg7 {[%emt 0:01:57]} Re8 {[%emt 0:00:27]} 27. Nc5 {[%emt 0:01:21]} Re7 {[%emt 0:01:54]} 28. Qf8+ {[%emt 0:00:38]} Kc7 {[%emt 0:01:15]} 29. Rxe7+ {[%emt 0:00:11]} Kb6 {[%emt 0:00:19]} 30. Rxb7+ {[%emt 0:00:48]} Kxc5 {[%emt 0:00:29]} 31. b4+ {[%emt 0:00:12]} 1-0

[Event "Faroes Open 2018"]
[Site "Sandavagur"]
[Date "2018.07.07"]
[Round "1"]
[White "Kristiansen, Jens"]
[Black "Gregersen, Einar"]
[Result "0-1"]
[WhiteElo "2380"]
[BlackElo "1665"]
[Annotator "ChessBase"]
[PlyCount "70"]
[EventDate "2018.07.07"]
[EventType "swiss"]
[EventCountry "FAI"]
[SourceTitle "playchess.com"]
[Source "ChessBase"]
[SourceQuality "1"]
[TimeControl "40/5400+30:900+30"]

1. d4 {[%emt 0:00:00]} Nf6 {[%emt 0:00:00]} 2. Nf3 {[%emt 0:00:00]} g6 {[%emt 0:00:00]} 3. Bg5 {[%emt 0:00:03]} Bg7 {[%emt 0:00:30]} 4. Nbd2 {[%emt 0:00:15]} O-O {[%emt 0:01:44]} 5. e4 {[%emt 0:00:29]} d6 {[%emt 0:01:27]} 6. c3 {[%emt 0:00:28]} c5 {[%emt 0:04:14]} 7. dxc5 {[%emt 0:00:50]} dxc5 {[%emt 0:00:13]} 8. Bc4 {[%emt 0:00:23]} Nc6 {[%emt 0:02:52]} 9. O-O {[%emt 0:00:33]} h6 {[%emt 0:04:55]} 10. Be3 {[%emt 0:03:51]} b6 {[%emt 0:01:48]} 11. h3 {[%emt 0:00:53]} Qc7 {[%emt 0:02:52]} 12. Re1 {[%emt 0:03:43]} Bb7 {[%emt 0:06:43]} 13. Qc2 {[%emt 0:04:59]} g5 {[%emt 0:06:03]} 14. g3 {[%emt 0:11:45]} Ne5 {[%emt 0:06:50]} 15. Be2 {[%emt 0:02:17]} Rad8 {[%emt 0:12:07]} 16. Rad1 {[%emt 0:11:47]} Rd7 {[%emt 0:05:40]} 17. Nh2 {[%emt 0:23:35]} Rfd8 {[%emt 0:03:52]} 18. Ng4 {[%emt 0:02:18]} Nd3 {[%emt 0:05:00]} 19. Nxf6+ {[%emt 0:01:13]} Bxf6 {[%emt 0:00:13]} 20. Rf1 {[%emt 0:00:26]} Qe5 {[%emt 0:06:42]} 21. f4 {[%emt 0:03:31]} Qc7 {[%emt 0:06:14]} 22. Bg4 {[%emt 0:01:55]} e6 {[%emt 0:01:29]} 23. Rf3 {[%emt 0:03:09]} gxf4 {[%emt 0:02:41]} 24. gxf4 {[%emt 0:00:14]} Bh4 {[%emt 0:00:32]} 25. Qb1 {[%emt 0:09:40]} f5 {[%emt 0:01:47]} 26. exf5 {[%emt 0:00:30]} exf5 {[%emt 0:01:11]} 27. Bxf5 {[%emt 0:02:07]} Rg7+ {[%emt 0:00:50]} 28. Kh2 {[%emt 0:05:13]} Bxf3 {[%emt 0:02:04]} 29. Nxf3 {[%emt 0:00:14]} Nxf4 {[%emt 0:02:37]} 30. Rxd8+ {[%emt 0:00:29]} Bxd8 {[%emt 0:00:13]} 31. Kh1 {[%emt 0:02:46]} Ne2 {[%emt 0:01:01]} 32. Be6+ {[%emt 0:00:35]} Kh8 {[%emt 0:00:47]} 33. Bxh6 {[%emt 0:01:00]} Rg1+ {[%emt 0:03:40]} 34. Nxg1 {[%emt 0:03:51]} Qc6+ {[%emt 0:00:12]} 35. Kh2 {[%emt 0:00:08]} Bc7+ {[%emt 0:00:09]} 0-1

[Event "Faroes Open 2018"]
[Site "Sandavagur"]
[Date "2018.07.07"]
[Round "1"]
[White "Nielsen, Rogvi Egilstoft"]
[Black "Petersen, Gutti"]
[Result "1-0"]
[WhiteElo "2337"]
[BlackElo "1596"]
[Annotator "NA"]
[PlyCount "65"]
[EventDate "2018.07.07"]
[EventType "swiss"]
[EventCountry "FAI"]
[SourceTitle "playchess.com"]
[Source "ChessBase"]
[SourceQuality "1"]
[TimeControl "40/5400+30:900+30"]

1. e4 {[%emt 0:00:00]} c5 {[%emt 0:00:04]} 2. c3 {[%emt 0:00:00]} Nf6 {[%emt 0:00:09]} 3. e5 {[%emt 0:00:00]} Nd5 {[%emt 0:01:06]} 4. d4 {[%emt 0:00:45]} cxd4 {[%emt 0:01:22]} 5. cxd4 {[%emt 0:00:07]} e6 {[%emt 0:01:16]} 6. Nf3 {[%emt 0:04:18]} a6 {[%emt 0:02:12]} 7. Bd3 {[%emt 0:00:17]} Be7 {[%emt 0:00:31]} 8. O-O {[%emt 0:00:17]} d6 {[%emt 0:00:56]} 9. Nc3 {[%emt 0:01:06]} dxe5 {[%emt 0:01:14]} 10. Nxd5 {[%emt 0:02:11]} Qxd5 {[%emt 0:01:11]} 11. dxe5 {[%emt 0:00:17]} Nc6 {[%emt 0:01:20]} 12. Qe2 {[%emt 0:00:18]} Qd8 {[%emt 0:02:08]} 13. Rd1 {[%emt 0:06:15]} Qc7 {[%emt 0:01:07]} 14. Bf4 {[%emt 0:00:08]} Bd7 {[%emt 0:02:15]} 15. Rac1 {[%emt 0:00:46]} Rd8 {[%emt 0:03:30]} 16. h4 {[%emt 0:00:58]} Bc8 {[%emt 0:00:34]} 17. h5 {[%emt 0:00:53]} Qa5 {[%emt 0:00:50]} 18. a3 {[%emt 0:01:07]} Qa4 {[%emt 0:04:23]} 19. Rc4 {[%emt 0:11:17]} Qa5 {[%emt 0:01:20]} 20. Bc1 {[%emt 0:06:11]} Qc7 {[%emt 0:04:54]} 21. Rg4 {[%emt 0:05:19]} Kf8 {[%emt 0:03:03]} 22. Re1 {[%emt 0:02:49]} b5 {[%emt 0:00:32]} 23. Ng5 {[%emt 0:13:01]} Bxg5 {[%emt 0:03:08]} 24. Bxg5 {[%emt 0:04:43]} Rd5 {[%emt 0:05:42]} 25. h6 {[%emt 0:02:09]} g6 {[%emt 0:00:55]} 26. Bf6 {[%emt 0:03:42]} Rg8 {[%emt 0:00:14]} 27. Rc1 {[%emt 0:00:44]} Bb7 {[%emt 0:00:55]} 28. Be4 {[%emt 0:01:02]} Qd7 {[%emt 0:02:15]} 29. Bxd5 {[%emt 0:00:34]} Qxd5 {[%emt 0:00:56]} 30. Qd1 {[%emt 0:00:58]} Ne7 {[%emt 0:03:52]} 31. Qxd5 {[%emt 0:00:52]} Nxd5 {[%emt 0:00:32]} 32. Rd4 {[%emt 0:00:08]} Ke8 {[%emt 0:00:56]} 33. Rc7 {[%emt 0:00:25]} 1-0

[Event "Faroes Open 2018"]
[Site "Sandavagur"]
[Date "2018.07.07"]
[Round "1"]
[White "Nilssen, John Arni"]
[Black "Fjallheim, Leif Reinert"]
[Result "1-0"]
[WhiteElo "2301"]
[BlackElo "1886"]
[Annotator "ChessBase"]
[PlyCount "65"]
[EventDate "2018.07.07"]
[EventType "swiss"]
[EventCountry "FAI"]
[SourceTitle "playchess.com"]
[Source "ChessBase"]
[SourceQuality "1"]
[TimeControl "40/5400+30:900+30"]

1. d4 {[%emt 0:00:00]} Nf6 {[%emt 0:00:00]} 2. c4 {[%emt 0:00:00]} g6 {[%emt 0:00:08]} 3. f3 {[%emt 0:00:03]} Bg7 {[%emt 0:00:34]} 4. e4 {[%emt 0:00:06]} d6 {[%emt 0:00:21]} 5. Ne2 {[%emt 0:00:20]} O-O {[%emt 0:00:43]} 6. Bg5 {[%emt 0:00:33]} h6 {[%emt 0:01:16]} 7. Be3 {[%emt 0:00:07]} e5 {[%emt 0:05:33]} 8. d5 {[%emt 0:00:26]} a5 {[%emt 0:00:40]} 9. Qd2 {[%emt 0:01:52]} Kh7 {[%emt 0:00:26]} 10. Ng3 {[%emt 0:01:12]} Nbd7 {[%emt 0:03:09]} 11. Bd3 {[%emt 0:00:49]} Nc5 {[%emt 0:01:59]} 12. Bc2 {[%emt 0:00:32]} Nfd7 {[%emt 0:01:16]} 13. O-O {[%emt 0:04:02]} Re8 {[%emt 0:12:55]} 14. Nc3 {[%emt 0:04:34]} Bf8 {[%emt 0:01:11]} 15. b3 {[%emt 0:00:59]} Nb6 {[%emt 0:04:43]} 16. f4 {[%emt 0:06:38]} Nbd7 {[%emt 0:04:12]} 17. f5 {[%emt 0:01:45]} g5 {[%emt 0:02:51]} 18. Qe2 {[%emt 0:02:54]} Be7 {[%emt 0:05:52]} 19. Rab1 {[%emt 0:08:27]} f6 {[%emt 0:01:33]} 20. h4 {[%emt 0:05:50]} Rf8 {[%emt 0:02:21]} 21. Kf2 {[%emt 0:05:12]} Rh8 {[%emt 0:06:39]} 22. Rh1 {[%emt 0:01:58]} Kg7 {[%emt 0:04:45]} 23. Rh2 {[%emt 0:03:49]} Qg8 {[%emt 0:08:33]} 24. Rbh1 {[%emt 0:04:08]} Qf7 {[%emt 0:12:07]} 25. Ke1 {[%emt 0:01:56]} b6 {[%emt 0:01:18]} 26. Nb5 {[%emt 0:01:56]} Bd8 {[%emt 0:01:30]} 27. Bb1 {[%emt 0:11:22]} Ba6 {[%emt 0:00:30]} 28. hxg5 {[%emt 0:00:44]} fxg5 {[%emt 0:05:15]} 29. f6+ {[%emt 0:00:49]} Bxf6 {[%emt 0:02:22]} 30. Nxc7 {[%emt 0:02:29]} Rac8 {[%emt 0:01:36]} 31. Nf5+ {[%emt 0:00:51]} Kf8 {[%emt 0:00:55]} 32. Nxa6 {[%emt 0:00:58]} Nxa6 {[%emt 0:00:41]} 33. Nxd6 1-0

[Event "Faroes Open 2018"]
[Site "Sandavagur"]
[Date "2018.07.07"]
[Round "1"]
[White "Simonsen, Hans Kristian"]
[Black "Jacobsen, Markus"]
[Result "1-0"]
[WhiteElo "2150"]
[BlackElo "1106"]
[Annotator "NA"]
[PlyCount "39"]
[EventDate "2018.07.07"]
[EventType "swiss"]
[EventCountry "FAI"]
[SourceTitle "playchess.com"]
[Source "ChessBase"]
[SourceQuality "1"]
[TimeControl "40/5400+30:900+30"]

1. d4 {[%emt 0:00:00]} d5 {[%emt 0:00:00]} 2. Nc3 {[%emt 0:00:00]} Nf6 {[%emt 0:00:30]} 3. Bg5 {[%emt 0:00:04]} Bf5 {[%emt 0:01:35]} 4. e3 {[%emt 0:01:38]} Nc6 {[%emt 0:00:48]} 5. Bd3 {[%emt 0:01:56]} Bxd3 {[%emt 0:01:35]} 6. cxd3 {[%emt 0:03:52]} e5 {[%emt 0:01:20]} 7. dxe5 {[%emt 0:02:30]} Nxe5 {[%emt 0:00:32]} 8. Nf3 {[%emt 0:01:44]} Ng6 {[%emt 0:02:16]} 9. Bxf6 {[%emt 0:00:23]} gxf6 {[%emt 0:00:48]} 10. Qb3 {[%emt 0:00:14]} Ne7 {[%emt 0:02:07]} 11. Qxb7 {[%emt 0:03:28]} a5 {[%emt 0:01:34]} 12. Qb5+ {[%emt 0:02:37]} Qd7 {[%emt 0:01:40]} 13. O-O {[%emt 0:04:29]} c6 {[%emt 0:00:56]} 14. Qa4 {[%emt 0:00:14]} Rg8 {[%emt 0:01:52]} 15. g3 {[%emt 0:01:19]} Qh3 {[%emt 0:02:15]} 16. Nxd5 {[%emt 0:00:44]} Qe6 {[%emt 0:03:22]} 17. Nc7+ {[%emt 0:00:57]} Kd7 {[%emt 0:00:45]} 18. Nxe6 {[%emt 0:00:08]} fxe6 {[%emt 0:00:17]} 19. Rac1 {[%emt 0:00:12]} Ra6 {[%emt 0:00:43]} 20. Nd4 {[%emt 0:06:15]} 1-0

[Event "Faroes Open 2018"]
[Site "Sandavagur"]
[Date "2018.07.07"]
[Round "1"]
[White "Spiesberger, Gerhard"]
[Black "Ziska, Helgi Dam"]
[Result "0-1"]
[WhiteElo "2043"]
[BlackElo "2552"]
[Annotator "ChessBase"]
[PlyCount "94"]
[EventDate "2018.07.07"]
[EventType "swiss"]
[EventCountry "FAI"]
[SourceTitle "playchess.com"]
[Source "ChessBase"]
[SourceQuality "1"]
[TimeControl "40/5400+30:900+30"]

1. e4 {[%emt 0:00:00]} c5 {[%emt 0:00:00]} 2. Nc3 {[%emt 0:00:00]} Nc6 {[%emt 0:00:23]} 3. g3 {[%emt 0:00:15]} g6 {[%emt 0:00:16]} 4. Bg2 {[%emt 0:00:19]} Bg7 {[%emt 0:00:09]} 5. d3 {[%emt 0:00:28]} d6 {[%emt 0:00:43]} 6. Nge2 {[%emt 0:03:27]} e6 {[%emt 0:02:10]} 7. O-O {[%emt 0:01:11]} Nge7 {[%emt 0:00:48]} 8. Be3 {[%emt 0:02:02]} Nd4 {[%emt 0:09:07]} 9. Qd2 {[%emt 0:03:10]} Nec6 {[%emt 0:18:08]} 10. Nd1 {[%emt 0:05:43]} h5 {[%emt 0:09:31]} 11. c3 {[%emt 0:09:36]} Nxe2+ {[%emt 0:00:13]} 12. Qxe2 {[%emt 0:00:10]} h4 {[%emt 0:02:00]} 13. f4 {[%emt 0:02:18]} hxg3 {[%emt 0:01:40]} 14. hxg3 {[%emt 0:02:04]} e5 {[%emt 0:05:25]} 15. f5 {[%emt 0:01:56]} gxf5 {[%emt 0:02:56]} 16. exf5 {[%emt 0:06:21]} Bf6 {[%emt 0:02:14]} 17. Nf2 {[%emt 0:01:33]} Rg8 {[%emt 0:02:34]} 18. Ne4 {[%emt 0:14:16]} d5 {[%emt 0:00:41]} 19. Nxf6+ {[%emt 0:07:33]} Qxf6 {[%emt 0:00:11]} 20. g4 {[%emt 0:11:44]} Qh4 {[%emt 0:11:40]} 21. Bf2 {[%emt 0:02:14]} Qxg4 {[%emt 0:02:11]} 22. Qxg4 {[%emt 0:00:08]} Rxg4 {[%emt 0:00:05]} 23. Bxc5 {[%emt 0:00:53]} b6 {[%emt 0:01:27]} 24. Be3 {[%emt 0:03:55]} Ba6 {[%emt 0:01:31]} 25. Kf2 {[%emt 0:01:45]} Rxg2+ {[%emt 0:01:44]} 26. Kxg2 {[%emt 0:00:44]} Bxd3 {[%emt 0:00:06]} 27. Rf2 {[%emt 0:02:16]} O-O-O {[%emt 0:03:06]} 28. f6 {[%emt 0:06:08]} Rg8+ {[%emt 0:01:37]} 29. Kh2 {[%emt 0:01:08]} Na5 {[%emt 0:02:46]} 30. Rg1 {[%emt 0:02:00]} Rh8+ {[%emt 0:00:07]} 31. Kg3 {[%emt 0:00:44]} Nc4 {[%emt 0:00:20]} 32. Bc1 {[%emt 0:00:17]} Nd6 {[%emt 0:00:23]} 33. Re1 {[%emt 0:02:33]} Ne4+ {[%emt 0:01:42]} 34. Rxe4 {[%emt 0:00:09]} Bxe4 {[%emt 0:00:04]} 35. c4 {[%emt 0:02:11]} Kd7 {[%emt 0:04:45]} 36. cxd5 {[%emt 0:02:32]} Bxd5 {[%emt 0:00:25]} 37. a3 {[%emt 0:00:43]} Rh1 {[%emt 0:04:40]} 38. Bd2 {[%emt 0:00:53]} Ke6 {[%emt 0:00:34]} 39. Bc3 {[%emt 0:00:17]} Rh6 {[%emt 0:00:53]} 40. Re2 {[%emt 0:01:29]} Rh5 {[%emt 0:00:20]} 41. Kg4 {[%emt 0:06:53]} Rf5 {[%emt 0:00:14]} 42. Re1 {[%emt 0:00:15]} Bf3+ {[%emt 0:01:37]} 43. Kg3 {[%emt 0:00:25]} Bh5 {[%emt 0:00:14]} 44. Re3 {[%emt 0:01:51]} Kxf6 {[%emt 0:00:42]} 45. Rxe5 {[%emt 0:01:25]} Rf3+ {[%emt 0:00:07]} 46. Kh4 {[%emt 0:00:07]} Rxc3 {[%emt 0:00:07]} 47. Rxh5 {[%emt 0:00:17]} Rb3 {[%emt 0:00:19]} 0-1